Стратегический контроллинг: учебное пособие для вузов

Dades bibliogràfiques
Autor principal: Ивашкевич В. Б. Виталий Борисович
Sumari:Рассмотрены сущность, цели и функции стратегического контроллинга, инструментарий разработки и осуществления экономической стратегии развития предприятия, критерии выбора вида предпринимательской деятельности его собственниками и менеджерами, специфика выбора и реализации стратегических управленческих решений. Особое внимание уделено стратегическому контроллингу бизнес-процессов и инфраструктуры коммерческой организации, индикаторам оценки их эффективности, контролю исполнения стратегических решений, анализу и оценке конкурентных возможностей бизнеса. Описана методика анализа результатов реализации использования конкретных показателей деятельности предприятий. Для студентов, магистрантов и преподавателей экономических вузов и факультетов, специалистов по управленческому учету, анализу и аудиту в организациях, слушателей системы повышения квалификации, а также для специалистов, участвующих во внедрении системы стратегического контроллинга.
Idioma:rus
Publicat: Москва, Инфра-М, 2013
Matèries:
Format: Llibre
KOHA link:https://koha.lib.tpu.ru/cgi-bin/koha/opac-detail.pl?biblionumber=224638

MARC

LEADER 00000nam0a2200000 4500
001 224638
005 20231101230614.0
010 |a 9785977602600 
035 |a (RuTPU)RU\TPU\book\244957 
090 |a 224638 
100 |a 20121029d2013 m y0rusy50 ca 
101 0 |a rus 
102 |a RU 
105 |a y j 001zy 
200 1 |a Стратегический контроллинг  |e учебное пособие для вузов  |f В. Б. Ивашкевич 
210 |a Москва  |c Инфра-М  |d 2013 
215 |a 216 с. 
320 |a Библиогр.: с. 170. 
330 |a Рассмотрены сущность, цели и функции стратегического контроллинга, инструментарий разработки и осуществления экономической стратегии развития предприятия, критерии выбора вида предпринимательской деятельности его собственниками и менеджерами, специфика выбора и реализации стратегических управленческих решений. Особое внимание уделено стратегическому контроллингу бизнес-процессов и инфраструктуры коммерческой организации, индикаторам оценки их эффективности, контролю исполнения стратегических решений, анализу и оценке конкурентных возможностей бизнеса. Описана методика анализа результатов реализации использования конкретных показателей деятельности предприятий. Для студентов, магистрантов и преподавателей экономических вузов и факультетов, специалистов по управленческому учету, анализу и аудиту в организациях, слушателей системы повышения квалификации, а также для специалистов, участвующих во внедрении системы стратегического контроллинга. 
606 1 |a Контроллинг в управлении предприятием  |2 stltpush  |3 (RuTPU)RU\TPU\subj\39712  |9 59669 
610 1 |a стратегии развития 
610 1 |a стратегический контроллинг 
610 1 |a теория 
610 1 |a стратегические решения 
610 1 |a стратегические цели 
610 1 |a внешняя среда 
610 1 |a конкурентные возможности 
610 1 |a коммерческие предприятия 
610 1 |a тесты 
610 1 |a учебные пособия 
686 |a У9(2)212.4я73  |v LBC/SL-A  |2 rubbk 
700 1 |a Ивашкевич  |b В. Б.  |g Виталий Борисович 
801 1 |a RU  |b 63413507  |c 20121029 
801 2 |a RU  |b 63413507  |c 20150519  |g RCR 
942 |c BK 
959 |a 140/20121029  |d 2  |e 259,90  |f ЧЗГЛ:1  |f АНЛ:1